000 00420nam a2200181Ia 4500
008 210210b1918 xxu||||| |||| 00| 0 eng d
041 _aeng
082 _a825/98
100 _aBOAS (F S)
245 _aRossetti and his poetry
260 _aLondon
_bGeorge G Hadrrap & co ltd
_c1918
650 _aRossetti
650 _apoetry
650 _ahis
650 _aand
690 _aEnglish Criticism
906 _a014416
999 _c133593
_d133593